00481nam a2200193 a 4500001001300000003000900013005001700022008004100039020001000080082001900090100002200109245002200131260003600153300000900189500003500198505001000233650002200243700002200265nice12345678IN_TiNIC20260116012011.0050524s0000 hyda grp 000 0 urd  ac10000a500.80297bWAJ aWajeehuddin, Mohd aKaainat Ki Kahani aHyderabadbHyder and Sonsc0000 a162p aincludes index and biblioraphy2 aIndex aIslam and Science1 aWajeehuddin, Mohd